Statistics for Countries with most Nuclear Weapons per Square Kilometer

Click here to take the quiz!

General Stats

  • This quiz has been taken 29 times
  • The average score is 6 of 9

Answer Stats

# Warheads per sq. kmCountry% Correct
5.333e-4United States
92%
0.004Israel
88%
9.279e-4United Kingdom
84%
3.444e-4Russia
72%
4.504e-4France
68%
4.989e-5India
68%
4.272e-5China
60%
2.489e-4North Korea
60%
1.928e-4Pakistan
56%

Score Distribution

Percentile by Number Answered

Percent of People with Each Score

Your Score History

You have not taken this quiz